| 000 | 01407cam a22003737a 4500 | ||
|---|---|---|---|
| 003 | CHAP | ||
| 005 | 20220329141841.0 | ||
| 008 | 980227d1997 mx b r 00110 spa d | ||
| 010 | _a74781 | ||
| 011 | _a75753 | ||
| 035 | _a85322 | ||
| 040 | _cCHAP | ||
| 090 | _aTesis | ||
| 100 | 0 | 0 |
_aNicolás González, Alejandro. _981196 |
| 245 | 1 | 0 |
_aValidación del diagnóstico nutrimental realizado para el cultivo de la naranja (Citrus sinensis (L.) Osbeck) cv. valencia tardía en la región de Alamo, Veracruz _c/por Alejandro Nicolás González |
| 260 |
_aChapingo, Méx. : _bEl autor, _c1997. |
||
| 300 |
_a79 h. : _bgráfs. ; mapa |
||
| 502 | _aTesis (Ing. Agr. Esp. en Suelos) -- UACH. Departamento de Suelos | ||
| 590 |
_aALEPH _b10 _c20130110 _lUCH01 _h1421 |
||
| 590 |
_aBATCH-UPD _b10 _c20130110 _lUCH01 _h0404 |
||
| 590 |
_aBATCH-UPD _b10 _c20130110 _lUCH01 _h2234 |
||
| 590 |
_aBATCH-UPD _b10 _c20130410 _lUCH01 _h0037 |
||
| 590 |
_aBATCH-UPD _b10 _c20130914 _lUCH01 _h1405 |
||
| 590 |
_aCONVERSION _b10 _c20130109 _lUCH01 _h1341 |
||
| 650 | 1 | 4 |
_aFertilizantes para naranja. _940626 |
| 650 | 1 | 4 |
_aNaranja _xElementos minerales. _980153 |
| 650 | 1 | 4 |
_aNaranja _xRendimiento. _980188 |
| 650 | 1 | 4 |
_aNaranja _zVeracruz. _980199 |
| 901 | _aBK | ||
| 905 | _aLilia Sánchez G. | ||
| 942 | _cFOLL | ||
| 949 |
_bBC _cTES _d33724000586202 _eTS2 _fc.2 _h32349 _i85322 _si |
||
| 949 |
_bBC _cTES _d853221 _eTS1 _h32348 _i85322 _sb |
||
| 999 |
_c74781 _d74781 |
||